LEADER 01332nam a2200349 i 4500 001 991001411229707536 005 20020507192957.0 008 981126s1971 de ||| | eng 020 $a3540054995 035 $ab10843863-39ule_inst 035 $aLE01311871$9ExL 040 $aDip.to Matematica$beng 082 0 $a516.35 084 $aAMS 14-02 084 $aAMS 14B20 100 1 $aGrothendieck, Alexander$041901 245 14$aThe tame fundamental group of a formal neighbourhood of a divisor with normal crossings on a scheme /$cAlexandre Grothendieck, Jacob P. Murre 260 $aBerlin ; New York :$bSpringer-Verlag,$c1971 300 $aviii, 133 p. ;$c26 cm 490 0 $aLecture notes in mathematics,$x0075-8434 ;$v208 500 $aBibliography: p. [132]-133 650 0$aAlgebraic geometry 650 0$aFundamental groups 650 0$aSchemes 650 0$aTopological groups 700 1 $aMurre, Jacob P. 907 $a.b10843863$b23-02-17$c28-06-02 912 $a991001411229707536 945 $aLE013 14-XX GRO12 (1971)$g1$i2013000104591$lle013$o-$pE0.00$q-$rl$s- $t0$u0$v0$w0$x0$y.i10954077$z28-06-02 996 $aTame fundamental group of a formal neighbourhood of a divisor with normal crossings on a scheme$9262828 997 $aUNISALENTO 998 $ale013$b01-01-98$cm$da $e-$feng$gde $h4$i1 LEADER 01369nam0 22003371i 450 001 UON00487678 005 20231205105318.125 010 $a978-83-949716-2-5 100 $a20180412d2017 |0itac50 ba 101 $afin$aENG 102 $aPL 105 $a|||| 1|||| 200 1 $aFinland Suomi 100$elanguage, culture, history$f(eds.) Ulla Tuomarla, Iwona Piechnik, Bernadett Bíró 210 $aKraków$cJagiellonian Library ; Helsinki$cUniversity of Helsinki$d2017 215 $a512 p.$cill.$d25 cm. 606 $aFinlandia$xCultura$xStoria$3UONC061871$2FI 606 $aFinlandia$xStoria$3UONC027600$2FI 620 $aFI$dHelsinki$3UONL000062 620 $aPL$dKrako?w$3UONL000871 676 $a948.9$cFINLANDIA - STORIA$v21 702 1$aBÍRÓ$bBernadett$3UONV238905 702 1$aPIECHNIK$bIwona$3UONV238904 702 1$aTUOMARLA$bUlla$3UONV238903 712 $aBiblioteka Jagiellonska$3UONV272831$4650 712 $aHelsingin yliopisto$3UONV270743$4650 801 $aIT$bSOL$c20260227$gRICA 899 $aSIBA - SISTEMA BIBLIOTECARIO DI ATENEO E ARCHIVIO STORICO$2UONSI 912 $aUON00487678 950 $aSIBA - SISTEMA BIBLIOTECARIO DI ATENEO E ARCHIVIO STORICO$dSI FIU A 0618 $eSI 25495 7 0618 996 $aFinland Suomi 100$91741286 997 $aUNIOR